信濃の国 歌詞 - Statistics

General Stats
  • This quiz has been taken 5 times
  • The average score is 19 of 48
Answer Stats
Answer % Correct
信濃の国は十州に
100%
境連ぬる国にして
60%
聳ゆる山はいや高く
60%
流るる川はいや遠し
60%
松本伊那佐久善光寺
60%
四つの平は肥沃の地
60%
海こそなけれ物さわに
40%
四方に聳ゆる山々は
40%
御嶽乗鞍駒ヶ岳
40%
浅間は殊に活火山
40%
いずれも国の鎮めなり
40%
流れ淀まずゆく水は
40%
北に犀川千曲川
40%
南に木曽川天竜川
40%
これまた国の固めなり
40%
木曽の谷には真木茂り
40%
諏訪の湖には魚多し
40%
民のかせぎも豊かにて
40%
五穀の実らぬ里やある
40%
しかのみならず桑とりて
40%
細きよすがも軽からぬ
40%
国の命を繋ぐなり
40%
尋ねまほしき園原や
40%
木曽の桟かけし世も
40%
心してゆけ久米路橋
40%
くる人多き筑摩の湯
40%
月の名にたつ姨捨山
40%
詩歌に詠てぞ伝えたる
40%
旭将軍義仲も
40%
仁科の五郎信盛も
40%
春台太宰先生も
40%
象山佐久間先生も
40%
山と聳えて世に仰ぎ
40%
川と流れて名は尽きず
40%
嘆き給いし碓氷山
40%
穿つ隧道二十六
40%
夢にもこゆる汽車の道
40%
みち一筋に学びなば
40%
昔の人にや劣るべき
40%
古来山河の秀でたる
40%
国は偉人のある習い
40%
万ず足らわぬ事ぞなき
20%
蚕飼いの業の打ちひらけ
20%
皆此国の人にして
20%
文武の誉れたぐいなく
20%
旅のやどりの時間寝覚めの床
0%
しるき名所と風雅士が
0%
吾妻はやとし日本武
0%
No matching quizzes found
Score Distribution
Percent of People with Each Score
Percentile by Number Answered
Your Score History
You have not taken this quiz